Quizzes
Events
Quiz Creation
Community
Videos
Private Events
Remove Ads
Sign In
Join for FREE
Feedback
Dark Mode
Quiz Categories
Sports
Geography
Music
Movies
Television
Just For Fun
Miscellaneous
History
Literature
Language
Science
Gaming
Entertainment
Religion
Holiday
For Kids
Quiz Lab
Recent
Popular Today
Quiz Kudos Today
Editor Picks
Curator Picks
Quizzes by...
Day
Popularity
Type
Ratings
Length
Year
Community
Subscriptions
Recent Discussions
Orange Saloon
Badges
Playlists
Quests
Create
Leaderboards
Showdown
Live 5
Trivia Bingo
Activity
Puzzle Library
Sporcle Events
Private Events
Virtual Trivia
Globe League
Become a Host
Pub Owners
SporcleCon
Opinionation
Our Games
Videos
Blog
Mobile Apps
Partnerships
Remove Ads and Go Orange
Feedback
Sports
Athletes
MLB
NBA
NHL
NFL
Soccer
Sports Teams
WWE
NCAA
Football
Premier League
Basketball
Baseball
Hockey
Golf
Tennis
Cricket
Rugby
Auto Racing
Olympics
World Cup
Sports
Athletes
MLB
NBA
NHL
NFL
Soccer
Sports Teams
WWE
NCAA
Football
Premier League
Basketball
Baseball
Hockey
Golf
Tennis
Cricket
Rugby
Auto Racing
Olympics
World Cup
Random Quiz
Search Sporcle
×
Quiz Lab
Quiz Lab
Sports
PPV Opponents
Type in answers that appear in a list
Type in answers that appear in a list
Classic
Best Score? Go Orange.
Spike Dudley PPV Opponents Stats
Can you name the Spike Dudley PPV Opponents?
By
MetsFanJA4994
13m
79 Questions
170 Plays
170 Plays
170 Plays
Comments
Comments
Give Quiz Kudos
Give Quiz Kudos
-
- Ratings
hide this ad
Replay
Link that replays current quiz
Next Quiz
Link to next quiz in quiz playlist
You Got
0%
They Got
Avg Score
63%
Avg Friend Score
Upgrade to see
Score Distribution
Jump to the score distribution portion of the page
Score
0/79
Timer
13:00
0
Plays Today
PPV
Opponent
% Correct
ECW Living Dangerously 1998
Buh Buh Ray Dudley
94.1%
ECW Living Dangerously 1998
D-Von Dudley
94.1%
ECW Heat Wave 1998
Buh Buh Ray Dudley
94.1%
ECW Heat Wave 1998
D-Von Dudley
94.1%
ECW Guilty As Charged 1999
Buh Buh Ray Dudley
94.1%
ECW Guilty As Charged 1999
D-Von Dudley
94.1%
ECW Living Dangerously 1999
Buh Buh Ray Dudley
94.1%
ECW Living Dangerously 1999
D-Von Dudley
94.1%
ECW Hardcore Heaven 1999
Buh Buh Ray Dudley
94.1%
ECW Hardcore Heaven 1999
D-Von Dudley
94.1%
ECW Heat Wave 1999
Buh Buh Ray Dudley
94.1%
ECW Heat Wave 1999
D-Von Dudley
94.1%
WWF King of the Ring 2001
Bubba Ray Dudley
94.1%
WWF King of the Ring 2001
D-Von Dudley
94.1%
WWF SummerSlam 2001
Bubba Ray Dudley
94.1%
WWF SummerSlam 2001
D-Von Dudley
94.1%
WWF Unforgiven 2001
Bubba Ray Dudley
94.1%
WWF Unforgiven 2001
D-Von Dudley
94.1%
WWF Royal Rumble 2002
Bubba Ray Dudley
94.1%
WWF Royal Rumble 2002
D-Von Dudley
94.1%
ECW Heat Wave 1998
Big Dick Dudley
92.4%
WWE SummerSlam 2004
Rey Mysterio
81.2%
WWE Survivor Series 2004
Rey Mysterio
81.2%
WWF Unforgiven 2001
Jeff Hardy
79.4%
WWF Unforgiven 2001
Matt Hardy
79.4%
WWF SummerSlam 2001
Test
77.6%
WWF Survivor Series 2001 (Winner)
Test
77.6%
WWF No Way Out 2002
Test
77.6%
WWE Vengeance 2002
Chris Benoit
77.1%
WWE Royal Rumble 2004 (Winner)
Chris Benoit
77.1%
WWE Vengeance 2002
Eddie Guerrero
72.9%
WWE Survivor Series 2004
Chavo Guerrero
72.9%
WWE SummerSlam 2004
Billy Kidman
71.2%
WWE Survivor Series 2004
Billy Kidman
71.2%
WWF Unforgiven 2001
Lance Storm
69.4%
WWF Backlash 2001
X-Pac
68.8%
WWF Backlash 2001
Albert
68.2%
WWF Backlash 2001
Justin Credible
65.3%
TNA No Surrender 2006
Raven
64.7%
TNA Bound For Glory 2006
Raven
64.7%
PPV
Opponent
% Correct
ECW Massacre On 34th Street 2000
Rhino
62.9%
TNA Hardcore Justice 2010
Rhino
62.9%
WWE SummerSlam 2004
Paul London
61.2%
WWE No Way Out 2005
Paul London
61.2%
WWF No Way Out 2002
Booker T
57.1%
WWE Survivor Series 2002
Rosey
54.7%
WWF Insurrextion 2002
William Regal
54.1%
WWF Unforgiven 2001
The Hurricane
52.9%
WWF WrestleMania X8 2002
The Hurricane
52.9%
WWE Survivor Series 2002
Jamal
52.9%
ECW Guilty As Charged 2000
Mike Awesome
51.2%
TNA Victory Road 2006
Abyss
51.2%
TNA Hard Justice 2006
Abyss
51.2%
TNA No Surrender 2006
Abyss
51.2%
TNA Bound For Glory 2006
Abyss
51.2%
WWF WrestleMania X8 2002
Maven
50.6%
WWE Survivor Series 2002
Rico
50.6%
ECW Hardcore Heaven 1997
Bam Bam Bigelow
50%
TNA Victory Road 2006
Kip James
50%
TNA Victory Road 2006
BG James
49.4%
WWE Armageddon 2004
Funaki
48.8%
WWE No Mercy 2004
Nunzio
46.5%
TNA Lockdown 2006
Bobby Roode
45.9%
TNA Hardcore Justice 2010
Al Snow
43.5%
ECW Living Dangerously 1998
Balls Mahoney
42.9%
TNA Bound For Glory 2006
Samoa Joe
40%
TNA Lockdown 2006
Eric Young
38.8%
ECW Living Dangerously 1998
Axl Rotten
37.1%
HUSTLE HustleAid 2006
Masato Tanaka
29.4%
WWE Insurrextion 2003
Christopher Nowinski
27.1%
WWE Insurrextion 2003
Rodney Mack
27.1%
WWE Insurrextion 2003
Theodore Long
25.9%
TNA Lockdown 2006
A1
24.1%
ECW November To Remember 2000
Julio Dinero
21.2%
ECW November To Remember 2000
EZ Money
17.6%
ECW November To Remember 1999
Simon Diamond
17.1%
ECW November To Remember 2000
Chris Hamrick
15.3%
HUSTLE HustleAid 2006
Kintaro Kanemura
6.5%
HUSTLE HustleAid 2006
Tomoaki Honma
6.5%
Quiz Playlist
Details
Report
Send in Message
Add To Playlist
Classic:
Type in answers that appear in a list
Last Updated: Feb 16, 2017
Quiz Scoreboard
CHALLENGE
Sign Up to Join the Scoreboard
Show All
Scores
Hide
Comments
May contain spoilers
Recently Published
One Thing in Common: World Cities II
by knightlancer
Geography
7m
Popular People in 1961
by mucciniale
History
6m
1-10 Letter E Words III
by El_Dandy
Language
2m
More to Explore
Quiz From the Vault
Featured Blog Post
Where Did the Easter Bunny Come From?
hide this ad
You Might Also Like...
Tags
opponent
PPV
PPV Opponents
spike
Today's Top Quizzes in Sports
Browse Sports
hide this ad
Today's Top Quizzes in PPV Opponents
Browse PPV Opponents
Top Contributed Quizzes in Sports
1
Les meilleurs buteurs des matchs entre le PSG et l’OM
2
Les entraîneurs de l'OM et du PSG au 21e siècle
3
2022 World Cup Stars
4
FIFA Club World Cup Champions
5
Name the Premier League winners with different clubs
6
La finale Lions - Afrique du Sud 2021
7
Criteria MLB: Left Handed Sluggers
8
Players with Multiple 50 Home Run Seasons
9
MLB Players with Two .350 Batting Average Seasons
10
MLB Hall of Famer by Rings
Explore More
Trending Topics
NBA
Kpop
Marvel
Harry Potter
Disney
Crossword
Anime
NFL
The Office
Soccer
WWE
Pokémon
Puzzle
Country
Song
hide this ad
More By:
MetsFanJA4994
Quiz
Plays
Rating
Category
Featured
Created
Jeff Hardy WWE PPV Opponents
790
4.50
Sports
Sep 17, 2012
WWE Women's Championship History
635
5.00
Sports
Feb 29, 2012
Leave it to Beaver Characters
515
4.50
Television
Jan 27, 2012
Zack Ryder PPV Opponents
445
3.50
Sports
Sep 17, 2012
Rob Van Dam WWE PPV Opponents
435
5.00
Sports
Sep 17, 2012
Go to Creator's Profile
Score Distribution
Quiz Creator Spotlight
MetsFanJA4994
Follow
Send a Message
Quizzes Created
-
Created Quiz Play Count
-
More By This Creator
Popular Quizzes Today
1
Find the US States - No Outlines Minefield
2
The Countries of the World
3
Popular People in 1961
4
Find the Countries of Europe - No Outlines Minefield
5
1-10 Letter E Words III
6
Find the US States
7
One Thing in Common: World Cities II
8
US States
More Sports Quizzes
NFL Top 5 Passing Leaders Since 2000
Quiz Lab
Trending Quizzes
1-10 Letter F Words
1-10 Letter G Words
Risky Map Clicking: Next State Alphabetically
1-10 Letter F Words II
Risky Map Clicking: States by Unique Starting Letters
Recently Updated
Leaping Animals
pecheneg
Reality TV Shows (A-Z)
bhenderson79
Rickey Henderson's Hall of Fame Teammates
pecheneg
Champions League XIs: Arsenal
pecheneg
Quick Pick: Celebrities in WWE's Hall of Fame
aduchscher
A-Z Keypad Blitz II
pecheneg
Multiple Oscar Actors
pecheneg
Mystery Phrase Blitz: Oscar 'Best Actors'
pecheneg
F. Scott Fitzgerald Novels
LTH
Pick 3 Villains
ddd62291
Trending Topics
Marvel
Anime
Crossword
Harry Potter
Disney
NBA
Kpop
NFL
The Office
Puzzle
Pokémon
WWE
Country
Song
Soccer
Your Account Isn't Verified!
In order to create a playlist on Sporcle, you need to verify the email address you used during registration. Go to your
Sporcle Settings
to finish the process.
Report this User
Report this user for behavior that violates our
Community Guidelines
.
Details:
Send Report
Go to the Sporcle.com Mobile Site →
Comments